<?xml version="1.0" encoding="UTF-8"?><OAI-PMH xmlns="http://www.openarchives.org/OAI/2.0/" xmlns:xsi="http://www.w3.org/2001/XMLSchema-instance"     xsi:schemaLocation="http://www.openarchives.org/OAI/2.0/ http://www.openarchives.org/OAI/2.0/OAI-PMH.xsd"><responseDate>2026-05-16T23:24:32Z</responseDate><request verb="GetRecord" identifier="oai:regmurcia.com:fintegr.1504" metadataPrefix="marc21">http://oai.regmurcia.com/oai2/oai2.php</request><GetRecord><record><header><identifier>oai:regmurcia.com:fintegr.1504</identifier><datestamp>2026-05-17</datestamp><setSpec>documentos</setSpec></header><metadata><record  xmlns="http://www.loc.gov/MARC21/slim" xmlns:xsi="http://www.w3.org/2001/XMLSchema-instance" xsi:schemaLocation="http://www.loc.gov/MARC21/slim http://www.loc.gov/standards/marcxml/schema/MARC21slim.xsd" type="Bibliographic"><leader>00000nam a2200000   4500</leader><controlfield tag="001" >005075485</controlfield><controlfield tag="003" >1504</controlfield><controlfield tag="004" >A00000000</controlfield><datafield tag="245" ind1=" " ind2=" "><subfield code="a">Provisión de los Reyes Católicos a los Concejos de Murcia y Cartagena y demás poblaciones del Obispado, ordenando que todos los hidalgos y caballeros y gentes de a pie estén preparados para acudir a la guerra.</subfield></datafield><datafield tag="300" ind1=" " ind2=" "><subfield code="c">310 x 290 mm.</subfield></datafield><datafield tag="351" ind1=" " ind2=" "><subfield code="a">Unidad Documental</subfield><subfield code="c">Archivo de Murcia. Array</subfield><subfield code="a">Unidad Documental</subfield><subfield code="c">Archivo de Murcia. Array</subfield></datafield><datafield tag="351" ind1=" " ind2=" "><subfield code="b">Nº 60</subfield></datafield><datafield tag="506" ind1=" " ind2=" "><subfield code="a">Acceso restringido</subfield></datafield><datafield tag="510" ind1=" " ind2=" "><subfield code="a">Pub. GOMARIZ MARÍN, ANTONIO. Documentos de los Reyes Católicos 1492-1504. Murcia: Academia Alfonso X el Sabio, 2000, pp. 995-997</subfield></datafield><datafield tag="520" ind1=" " ind2=" "><subfield code="a">Los Reyes Católicos recuerdan como habían ordenado que todos aquellos hidalgos y caballeros nombrados tanto por ellos como por Enrique IV y Juan II se encontraran preparados para partir, en el plazo de tres días, cuando así lo ordenaran los reyes. Ese momento ha llegado, pues el rey de Francia se dispone a invadir el Rosellón, por lo que se ordena que todos los caballeros e hidalgos y gentes de a pie entre 18 y 60 años, así como los regidores y justicias de cada ciudad, acudan a Soria antes del 15 de Septiembre para ponerse a la orden de los reyes.</subfield></datafield><datafield tag="583" ind1=" " ind2=" "><subfield code="u">http://www.regmurcia.com/servlet/s.Sl?METHOD=VERDOCUMENTO&amp;sit=serv,Carmesi&amp;n=/01/679/indice.djvu</subfield></datafield><datafield tag="592" ind1=" " ind2=" "><subfield code="a">1503-07-20</subfield></datafield><datafield tag="592" ind1=" " ind2=" "><subfield code="d">1503-07-20 00:00:00</subfield></datafield><datafield tag="651" ind1=" " ind2=" "><subfield code="a">Segovia</subfield></datafield><datafield tag="786" ind1=" " ind2=" "><subfield code="o">http://www.regmurcia.com/servlet/s.Sl?METHOD=VERDOCUMENTO&amp;sit=serv,Carmesi&amp;n=/01/679/indice.djvu</subfield></datafield><datafield tag="856" ind1=" " ind2=" "><subfield code="u">http://www.regmurcia.com/servlet/s.Sl?METHOD=DETALLE&amp;sit=c,373,m,139,serv,Carmesi&amp;id=1504</subfield></datafield></record></metadata></record></GetRecord></OAI-PMH>
